000 00208 a2200097 4500
001 28948
100 _aPlumb, S C
245 _aIntroduction to Frotnan
260 _a
_bMc Graw Hill
_c
090 _c19343
_d19343
942 _aNUST-CAE
_cM
_c10384
999 _c264021
_d264021